000 00957nam a2200253Ia 4500
003 OSt
005 20251218064547.0
008 160316s2007 xxu||||| |||| 00| 0 eng d
020 _a9780753511497
040 _cnls
082 _a158.1 BRA
100 _aBranson Richard
245 _aScrew it, Let's Do It. Expanded : Lesson in Life and Business
260 _aLondon :
_bVirgin book Ltd ;
_c2007
300 _a228p
_cvii
365 _bRs. 350
505 _aContents - Preface: The bigger picture. 1. Just do it! 2. Have fun! 3. Be bold 4. Challenge yourself 5. Stand on your own feet 6. Live the moment 7. Value family and friends 8. Have respect 9. Gaia capitalism 10. Sex appeal 11. Be innovative 12. Do some good 13. Pow! Shazam! 14. Thinking young Epilogue. Index.
650 _aApplied Psychology
650 _aSecrets of Success
650 _aPersonality Improvement
650 _aSuccessful Stories
700 _a
_a
942 _2ddc
_cBK
999 _c25915
_d25915